[Event "Helsingor Xtracon op"]
[Site "Helsingor"]
[Date "2019.07.24"]
[Round "6"]
[White "Sebastian, Andreas"]
[Black "Guindy, Esmat Susanne"]
[Result "1-0"]
[WhiteElo "1911"]
[BlackElo "2132"]
[PlyCount "91"]
[EventDate "2019.07.20"]
[EventType "swiss"]
[EventRounds "10"]
[EventCountry "DEN"]
[SourceTitle "CBM 191 Extra"]
[Source "ChessBase"]
[SourceDate "2019.09.30"]
[SourceVersion "1"]
[SourceVersionDate "2019.09.30"]
[SourceQuality "1"]

1. d4 d5 2. Bf4 Nf6 3. e3 Bf5 4. c4 c6 5. Nc3 e6 6. Qb3 Qb6 7. c5 Qxb3 8. axb3 Nbd7 9. b4 a6 10. b5 cxb5 11. Nxb5 Rc8 12. Nd6+ Bxd6 13. Bxd6 Ne4 14. Bf4 e5 15. Bg3 Nxg3 16. hxg3 exd4 17. exd4 0-0 18. Kd2 Nf6 19. f3 Rfe8 20. g4 Bg6 21. Nh3 h6 22. Nf4 Bh7 23. Bd3 Bxd3 24. Nxd3 Re7 25. Rhe1 Rxe1 26. Rxe1 Kf8 27. Kc3 Ne8 28. Ne5 f6 29. Ng6+ Kf7 30. Ne7 Rd8 31. Nf5 Rd7 32. Kb4 Kf8 33. Ka5 g6 34. Nh4 Rg7 35. Kb6 h5 36. gxh5 gxh5 37. Re2 Rd7 38. Ng6+ Kf7 39. Nf4 Ng7 40. g4 hxg4 41. fxg4 Ne8 42. b4 Kf8 43. Nh5 Rf7 44. Re6 f5 45. gxf5 Rxf5 46. Rxe8+ 1-0

[Event "Helsingor Xtracon op"]
[Site "Helsingor"]
[Date "2019.07.20"]
[Round "1"]
[White "Sebastian, Andreas"]
[Black "Maze, Sebastien"]
[Result "0-1"]
[WhiteElo "1911"]
[BlackElo "2565"]
[PlyCount "50"]
[EventDate "2019.07.20"]
[EventType "swiss"]
[EventRounds "10"]
[EventCountry "DEN"]
[SourceTitle "CBM 191 Extra"]
[Source "ChessBase"]
[SourceDate "2019.09.30"]
[SourceVersion "1"]
[SourceVersionDate "2019.09.30"]
[SourceQuality "1"]

1. d4 Nf6 2. Bf4 c5 3. e3 e6 4. c3 Nc6 5. Nd2 b6 6. Ngf3 Bb7 7. Bd3 Be7 8. h4 d6 9. Qe2 h6 10. a4 0-0 11. Rg1 Re8 12. g4 cxd4 13. g5 dxc3 14. bxc3 hxg5 15. Nxg5 e5 16. Nxf7 Kxf7 17. Bg6+ Kf8 18. Bg5 e4 19. Nxe4 Ne5 20. Bxf6 Bxf6 21. Nxf6 Qxf6 22. Bxe8 Nf3+ 23. Kf1 Nxg1 24. Kxg1 Rxe8 25. Qh5 Re5 0-1

[Event "NOR-ch U18"]
[Site "Larvik"]
[Date "2019.07.08"]
[Round "4"]
[White "Sebastian, Andreas"]
[Black "Nielsen, Andre"]
[Result "1/2-1/2"]
[WhiteElo "1911"]
[BlackElo "2229"]
[PlyCount "106"]
[EventDate "2019.07.05"]
[EventType "tourn"]
[EventRounds "9"]
[EventCountry "NOR"]
[SourceTitle "EXT 2024"]
[Source "ChessBase"]
[SourceDate "2023.10.10"]
[SourceVersion "1"]
[SourceVersionDate "2023.10.10"]
[SourceQuality "1"]

1. d4 Nf6 2. Nf3 b6 3. Bg5 Ne4 4. Bh4 Bb7 5. Nbd2 Nxd2 6. Qxd2 h6 7. e3 g5 8. Bg3 d6 9. Bd3 Bg7 10. c3 Nd7 11. 0-0 Nf6 12. Rfe1 Ne4 13. Qc2 Nxg3 14. hxg3 Qd7 15. e4 0-0-0 16. a4 Kb8 17. a5 g4 18. Nd2 h5 19. Qb3 h4 20. axb6 cxb6 21. Qxf7 Bh6 22. Nf1 hxg3 23. Nxg3 Rdf8 24. Qa2 Ba8 25. Bb5 Qc7 26. Qc4 Qb7 27. Ba6 Qd7 28. Bb5 Qb7 29. d5 Bf4 30. Qd3 e6 31. dxe6 Qe7 32. Kf1 Qxe6 33. Bc4 Qe5 34. Kg1 Rh6 35. Bd5 Rfh8 36. Rxa7 Bxd5 37. Qa6 R6h7 38. Qxb6+ Rb7 39. Rxb7+ Bxb7 40. Nf5 Bd2 41. Nxd6 Qh2+ 42. Kf1 Qh1+ 43. Ke2 Qxe1+ 44. Kd3 Qf1+ 45. Kxd2 Qa6 46. Qd4 Rd8 47. e5 Bxg2 48. Qxg4 Bb7 49. Qb4 Qa7 50. f4 Qf2+ 51. Kc1 Qe1+ 52. Kc2 Qe2+ 53. Kb1 Qf1+ 1/2-1/2

[Event "NOR-ch U18"]
[Site "Larvik"]
[Date "2019.07.06"]
[Round "2"]
[White "Sebastian, Andreas"]
[Black "Bruaset, Eivind"]
[Result "1-0"]
[WhiteElo "1911"]
[BlackElo "2074"]
[PlyCount "71"]
[EventDate "2019.07.05"]
[EventType "tourn"]
[EventRounds "9"]
[EventCountry "NOR"]
[SourceTitle "EXT 2024"]
[Source "ChessBase"]
[SourceDate "2023.10.10"]
[SourceVersion "1"]
[SourceVersionDate "2023.10.10"]
[SourceQuality "1"]

1. d4 Nf6 2. Nf3 g6 3. Bf4 Bg7 4. Nc3 0-0 5. e4 d6 6. Qd2 Nbd7 7. h4 c5 8. d5 Qa5 9. Bh6 Bxh6 10. Qxh6 Qb4 11. 0-0-0 Ne5 12. Nxe5 dxe5 13. a3 Qb6 14. Be2 Bd7 15. h5 Kh8 16. d6 Ng8 17. Qg5 h6 18. hxg6 Kg7 19. Qxe5+ f6 20. Qh2 e6 21. f4 Qd8 22. g4 Qe8 23. g5 fxg5 24. fxg5 Qxg6 25. Qe5+ Kh7 26. Rdg1 Rf7 27. Kb1 Raf8 28. Bd3 Rf3 29. Qxc5 R8f7 30. gxh6 b6 31. Qb4 Rh3 32. e5 Rf5 33. Rxg6 Rxh1+ 34. Ka2 Kxg6 35. Qg4+ Kxh6 36. Qxg8 1-0

[Event "Kragero op"]
[Site "Kragero"]
[Date "2019.02.24"]
[Round "9"]
[White "Sebastian, Andreas"]
[Black "Birkisson, Bardur Orn"]
[Result "0-1"]
[WhiteElo "1962"]
[BlackElo "2233"]
[PlyCount "82"]
[EventDate "2019.02.20"]
[EventType "swiss"]
[EventRounds "9"]
[EventCountry "NOR"]
[SourceTitle "CBM 189 Extra"]
[Source "ChessBase"]
[SourceDate "2019.06.03"]
[SourceVersion "1"]
[SourceVersionDate "2019.06.03"]
[SourceQuality "1"]

1. d4 d5 2. Bf4 Nf6 3. e3 c5 4. c3 Nc6 5. Nd2 e6 6. Ngf3 Bd6 7. Bg3 0-0 8. Bd3 b6 9. Qe2 Bb7 10. e4 dxe4 11. Nxe4 Nxe4 12. Qxe4 g6 13. Bh4 Be7 14. Bxe7 Qxe7 15. dxc5 Qxc5 16. 0-0 Rfd8 17. Rad1 Rd7 18. Qf4 Rad8 19. Ng5 Qe5 20. Qh4 h5 21. Rde1 Qf6 22. Bc4 Ne5 23. Bb3 Nd3 24. Re3 Nf4 25. g3 Qxg5 26. Qxf4 Qxf4 27. gxf4 Rd2 28. Rb1 Kg7 29. Kf1 Kf6 30. Re5 R2d3 31. Re3 Rd2 32. Re5 R2d3 33. Re3 Rxe3 34. fxe3 Rd2 35. Re1 Be4 36. Rd1 Rxh2 37. Rd7 h4 38. Rxa7 h3 39. Ba4 Rxb2 40. Be8 Kf5 41. Rxf7+ Kg4 0-1

[Event "Kragero op"]
[Site "Kragero"]
[Date "2019.02.20"]
[Round "1"]
[White "Sebastian, Andreas"]
[Black "Heimisson, Hilmir Freyr"]
[Result "0-1"]
[WhiteElo "1962"]
[BlackElo "2394"]
[PlyCount "88"]
[EventDate "2019.02.20"]
[EventType "swiss"]
[EventRounds "9"]
[EventCountry "NOR"]
[SourceTitle "CBM 189 Extra"]
[Source "ChessBase"]
[SourceDate "2019.06.03"]
[SourceVersion "1"]
[SourceVersionDate "2019.06.03"]
[SourceQuality "1"]

1. d4 Nf6 2. Nc3 d5 3. Bf4 c5 4. e4 Nxe4 5. Nxe4 dxe4 6. d5 Qb6 7. Ne2 Nd7 8. Nc3 a6 9. Qd2 Qxb2 10. Rb1 Qa3 11. Bc7 c4 12. Nxe4 Qxa2 13. Nc3 Qa3 14. Bf4 g6 15. Qd4 Nf6 16. d6 Bg7 17. Be5 0-0 18. Nd5 Qa5+ 19. Nc3 Re8 20. Be2 Nh5 21. Bxg7 Nxg7 22. 0-0 exd6 23. Bxc4 Nf5 24. Qd5 Qxd5 25. Nxd5 Rd8 26. Nb6 Rb8 27. Rfe1 Kf8 28. Re4 Ng7 29. Nd5 Be6 30. Rb6 Rbc8 31. Bb3 Bxd5 32. Bxd5 Rxc2 33. g3 Rc5 34. Bxb7 d5 35. Re1 a5 36. Rd1 Rb8 37. Rc6 Rb5 38. Ba6 Rb1 39. Rxb1 Rxb1+ 40. Kg2 d4 41. Rc5 Ra1 42. Kf3 Ne6 43. Re5 Ra3+ 44. Ke4 f5+ 0-1

[Event "Stavanger op"]
[Site "Stavanger"]
[Date "2018.10.11"]
[Round "2"]
[White "Vijayalakshmi, Subbaraman"]
[Black "Sebastian, Andreas"]
[Result "1-0"]
[WhiteElo "2359"]
[BlackElo "1907"]
[PlyCount "103"]
[EventDate "2018.10.10"]
[EventType "swiss"]
[EventRounds "9"]
[EventCountry "NOR"]
[SourceTitle "CBM 186 Extra"]
[Source "ChessBase"]
[SourceDate "2018.08.24"]
[SourceVersion "1"]
[SourceVersionDate "2018.08.24"]
[SourceQuality "1"]

1. Nf3 Nf6 2. g3 g6 3. b3 Bg7 4. Bb2 0-0 5. Bg2 d6 6. d4 c6 7. Nbd2 a5 8. a4 Nbd7 9. 0-0 Re8 10. Re1 e5 11. Nc4 Nb6 12. Nxb6 Qxb6 13. dxe5 Ng4 14. Bd4 c5 15. Bc3 Nxe5 16. Nxe5 dxe5 17. Bd5 e4 18. Bxg7 Kxg7 19. Qd2 Bf5 20. Rad1 Rad8 21. Qc3+ f6 22. Qe3 Re5 23. Bc4 Qc7 24. Rd2 Rxd2 25. Qxd2 Be6 26. Bxe6 Rxe6 27. Rd1 Kf7 28. Qh6 Ke8 29. Rd5 Re7 30. Qe3 b6 31. Qc3 Qc6 32. Qc4 Re6 33. Rd1 Ke7 34. Rd5 Ke8 35. Kf1 Ke7 36. Ke1 f5 37. Rd1 Rd6 38. Qg8 Rxd1+ 39. Kxd1 Qd7+ 40. Kc1 Kd6 41. Qb8+ Kc6 42. Qa8+ Qb7 43. Qg8 Qd7 44. e3 Kb7 45. Kb2 Qe7 46. Kc3 Qe5+ 47. Kc4 Qe7 48. Qd5+ Kc7 49. Qa8 Qe6+ 50. Kb5 Qd7+ 51. Ka6 Kd6 52. Qb8+ 1-0

[Event "Oslo Sveins op 11th"]
[Site "Oslo"]
[Date "2018.06.23"]
[Round "3"]
[White "Dolzhikova, Olga"]
[Black "Sebastian, Andreas"]
[Result "1-0"]
[WhiteElo "2192"]
[BlackElo "1946"]
[PlyCount "83"]
[EventDate "2018.06.22"]
[EventType "swiss"]
[EventRounds "9"]
[EventCountry "NOR"]
[SourceTitle "CBM 185 Extra"]
[Source "ChessBase"]
[SourceDate "2018.07.29"]
[SourceVersion "1"]
[SourceVersionDate "2018.07.29"]
[SourceQuality "1"]

1. e4 d6 2. d4 Nf6 3. Nc3 g6 4. Bf4 c6 5. Qd2 Nbd7 6. 0-0-0 b5 7. e5 b4 8. exf6 bxc3 9. Qxc3 Nxf6 10. Qxc6+ Bd7 11. Qa6 Nd5 12. Bd2 Nc7 13. Qa5 Bg7 14. Nf3 0-0 15. Bc3 Be6 16. b3 Qd7 17. Bb2 Rfc8 18. Ne1 Nd5 19. Bb5 Qc7 20. Qxc7 Rxc7 21. Bc4 Rac8 22. Bxd5 Bxd5 23. f3 Be6 24. g4 h5 25. h3 Bd5 26. Rf1 Bb7 27. Kb1 e5 28. d5 Bh6 29. c4 f5 30. Nd3 Rf8 31. g5 Bg7 32. f4 e4 33. Bxg7 Kxg7 34. Nb4 a5 35. Nc2 a4 36. Nd4 Bc8 37. Nb5 Rd7 38. Kc2 axb3+ 39. axb3 Ba6 40. Nd4 Rc8 41. Kc3 Bb7 42. Kd2 1-0

[Event "Kragero op"]
[Site "Kragero"]
[Date "2018.02.22"]
[Round "2"]
[White "Sebastian, Andreas"]
[Black "Genocchio, Daniele"]
[Result "0-1"]
[WhiteElo "1880"]
[BlackElo "2385"]
[PlyCount "46"]
[EventDate "2018.02.21"]
[EventType "swiss"]
[EventRounds "9"]
[EventCountry "NOR"]
[SourceTitle "CBM 183 Extra"]
[Source "ChessBase"]
[SourceDate "2018.04.19"]
[SourceVersion "1"]
[SourceVersionDate "2018.04.19"]
[SourceQuality "1"]

1. c4 e5 2. Nc3 Nf6 3. g3 Bb4 4. Nd5 Nxd5 5. cxd5 0-0 6. Bg2 c6 7. a3 Bc5 8. Qc2 d6 9. dxc6 Nxc6 10. Nf3 Be6 11. 0-0 Rc8 12. d3 b5 13. Qd1 h6 14. e3 Bb6 15. d4 Bg4 16. Qd3 Qf6 17. dxe5 dxe5 18. Nd2 a6 19. Ne4 Qg6 20. Bd2 Rfd8 21. Qb1 f5 22. h3 Be2 23. Re1 Bc4 0-1

[Event "Fagernes TV2 Elo op"]
[Site "Fagernes"]
[Date "2017.04.12"]
[Round "5"]
[White "Skjelstad, Erling E"]
[Black "Sebastian, Andreas"]
[Result "1-0"]
[WhiteElo "1671"]
[BlackElo "1810"]
[PlyCount "63"]
[EventDate "2017.04.09"]
[EventType "swiss"]
[EventRounds "9"]
[EventCountry "NOR"]
[SourceTitle "CBM 177 Extra"]
[Source "ChessBase"]
[SourceDate "2017.04.27"]
[SourceVersion "1"]
[SourceVersionDate "2017.04.27"]
[SourceQuality "1"]

1. e4 c5 2. f4 g6 3. Nf3 Bg7 4. Bc4 Nc6 5. 0-0 e6 6. Nc3 Nge7 7. d3 0-0 8. Ne2 d5 9. Bb3 dxe4 10. dxe4 b6 11. c3 Ba6 12. Re1 Qxd1 13. Bxd1 Rfd8 14. Ng3 Rd7 15. Bc2 Rad8 16. Be3 Bd3 17. Rac1 Na5 18. Bb3 Nxb3 19. axb3 Nc6 20. Nd2 Na5 21. e5 f6 22. exf6 Bxf6 23. Ra1 Bh4 24. Bxc5 Bxg3 25. hxg3 Bf5 26. Bd4 Rxd4 27. cxd4 Rxd4 28. Nf3 Rb4 29. Re3 Nxb3 30. Rxa7 Nc5 31. Rea3 Ne4 32. Rc7 1-0

[Event "Kragero op"]
[Site "Kragero"]
[Date "2017.02.25"]
[Round "6"]
[White "Sebastian, Andreas"]
[Black "Nesheim, Mathias"]
[Result "0-1"]
[WhiteElo "1859"]
[BlackElo "1970"]
[PlyCount "86"]
[EventDate "2017.02.22"]
[EventType "swiss"]
[EventRounds "9"]
[EventCountry "NOR"]
[SourceTitle "CBM 177 Extra"]
[Source "ChessBase"]
[SourceDate "2017.04.27"]
[SourceVersion "1"]
[SourceVersionDate "2017.04.27"]
[SourceQuality "1"]

1. c4 c6 2. Nc3 d5 3. e3 Nf6 4. Nf3 a6 5. b3 Bf5 6. Bb2 e6 7. d4 Bd6 8. Bd3 Bxd3 9. Qxd3 0-0 10. Ne5 Nfd7 11. f4 Bb4 12. Nf3 Nf6 13. a3 Bxc3+ 14. Bxc3 Ne4 15. Bb4 Re8 16. 0-0 Nd7 17. Rfc1 a5 18. Be1 a4 19. b4 Nd6 20. Nd2 b5 21. cxb5 cxb5 22. Rc6 Nb6 23. Bh4 f6 24. e4 Ndc4 25. Nxc4 Nxc4 26. e5 Qd7 27. Rc5 f5 28. Qh3 Nd2 29. Rc2 Ne4 30. Qd3 Rec8 31. Rac1 Rc4 32. Be1 Rac8 33. Rxc4 dxc4 34. Qe3 Rd8 35. Rd1 Qd5 36. Bc3 Nxc3 37. Qxc3 Qe4 38. g3 h5 39. h4 Qe2 40. Rd2 Qe1+ 41. Kg2 Qb1 42. Rb2 Qe4+ 43. Kf2 Rxd4 0-1

[Event "Helsingor Xtracon op"]
[Site "Helsingor"]
[Date "2016.07.30"]
[Round "9"]
[White "Tryggestad, Linnea Garberg"]
[Black "Sebastian, Andreas"]
[Result "1-0"]
[WhiteElo "1525"]
[BlackElo "1754"]
[PlyCount "59"]
[EventDate "2016.07.23"]
[EventType "swiss"]
[EventRounds "10"]
[EventCountry "DEN"]
[SourceTitle "CBM 173 Extra"]
[Source "ChessBase"]
[SourceDate "2016.08.29"]
[SourceVersion "1"]
[SourceVersionDate "2016.08.29"]
[SourceQuality "1"]

1. d4 Nf6 2. Bg5 c5 3. Bxf6 exf6 4. d5 f5 5. c4 d6 6. Nc3 g6 7. e3 Bg7 8. Qc2 0-0 9. Nf3 Nd7 10. Bd3 a6 11. 0-0 Ne5 12. Nxe5 Bxe5 13. f4 Bg7 14. Rf3 Bd7 15. Rg3 Re8 16. Re1 b5 17. cxb5 axb5 18. Nxb5 Bxb5 19. Bxb5 Re4 20. Bd3 Rb4 21. b3 Qa5 22. Re2 Rb7 23. h4 Rba7 24. a4 Rb7 25. Bb5 Re7 26. h5 Re4 27. Bd3 Rb4 28. Bxf5 gxf5 29. h6 Re4 30. Rxg7+ 1-0